000 00429nam a2200157Ia 4500
008 210719s1968 xx 000 0 und d
041 _aeng
082 _a338.1 MATA
100 _aMATHEW (E T)
245 _aAgricultural taxation and economic development in India.
260 _aLondon
_bAsia Publishing House
_c1968
300 _a204
_bHB
365 _cRs
650 _aAgriculture
906 _aAgricultural taxation in India
999 _c212788
_d212788